Score 0/16 Timer 04:00
4 Plays Today
Hint TV Show % Correct
The Simpsons
97.2%
SpongeBob SquarePants
96.4%
South Park
94.3%
The Flintstones
93.2%
Sesame Street
92.3%
Friends
91.7%
The Office (US)
91.5%
Two and a Half Men
88.2%
Hint TV Show % Correct
The Big Bang Theory
88.2%
Futurama
86.6%
Doctor Who
84.3%
Game of Thrones
83.1%
How I Met Your Mother
70.5%
Prison Break
56.2%
Adventure Time
55.4%
The Vampire Diaries
48.4%
Remove Ads.
Support Sporcle.
Get the best of Sporcle when you Go Orange. This ad-free experience offers more features, more stats, and more fun while also helping to support Sporcle. Thank you for becoming a member.

You're not logged in!

Compare scores with friends on all Sporcle quizzes.
OR
Log In

Show Comments

Extras

Top Quizzes Today


Score Distribution

Your Account Isn't Verified!

In order to create a playlist on Sporcle, you need to verify the email address you used during registration. Go to your Sporcle Settings to finish the process.

Report this User

Report this user for behavior that violates our Community Guidelines.

Details: